|
|
|
|
| LEADER |
03760nkm a22006252a 4500 |
| 001 |
mzk03001029683 |
| 003 |
CZ BrMZK |
| 005 |
20140711104837.0 |
| 007 |
kj|ho| |
| 008 |
051018s1737 gw nnn |knlat d |
| 034 |
0 |
|
|a a
|d E0161600
|e E0164300
|f N0513700
|g N0511600
|
| 040 |
|
|
|a BOA001
|b cze
|
| 041 |
0 |
|
|a lat
|a ger
|
| 043 |
|
|
|a e-pl---
|
| 072 |
|
7 |
|a 72
|x Architektura
|2 Konspekt
|9 21
|
| 072 |
|
7 |
|a 76
|x Grafické umění. Grafika
|2 Konspekt
|9 21
|
| 080 |
|
|
|a (0.026.6)76
|2 MRF
|
| 080 |
|
|
|a (084.1)
|2 MRF
|
| 080 |
|
|
|a (437.33+438)
|2 MRF
|
| 080 |
|
|
|a (438)
|2 MRF
|
| 080 |
|
|
|a 721:904
|2 MRF
|
| 080 |
|
|
|a 912.43:069.5
|2 MRF
|
| 100 |
1 |
|
|a Werner, Bedřich Bernard,
|d 1690-1778
|7 jo20010080918
|4 aut
|
| 245 |
1 |
0 |
|a Scenographia Urbium Silesiae.
|n Tab. III,
|p Vorstellung der Prospecte von den vornehmsten Staedten des Fürstenth. Wohlau im Herzogth. Schlesien
|h [grafika] /
|c entworfen von F.B. Werner und herausgegeben von Homaennischen Erben. Mit Kays. allergnadigst. Privilegio
|
| 246 |
3 |
0 |
|a Vorstellung der Prospecte von den vornehmsten Staedten des Fürstenth. Wohlau im Herzogth. Schlesien
|h [grafika]
|
| 255 |
|
|
|a Měřítko neuvedeno
|c (016°16´00" v.d.--016°43´00" v.d./051°37´00" s.š.--051°16´00" s.š.)
|
| 260 |
|
|
|a Nürnberg :
|b herausgegeben von Homaennischen Erben,
|c 1737
|
| 300 |
|
|
|a 1 grafický list :
|b mědirytina, ručně kolorovaná ;
|c 48 x 55 cm na listu 58 x 66 cm
|
| 500 |
|
|
|a Na mapě je zakresleno 7 prospektů měst, pod kresbami jsou vysvětlivky a znak. Na prospektu města Rützen vpravo nahoře kartuš s dedikací a vlevo nahoře znak
|
| 505 |
2 |
0 |
|t Closter Gros-Strenz der P.P. Carmeliter-Ordens in der Standts-Herrsch. Trachenberg.
|g 12,5 x 15,5 cm. (016°51´56" v.d.--016°57´35" v.d./051°29´24" s.š.--051°27´11" s.š.) --
|t Fürstlich Stifft u. Clost. Leubus.
|g 12 x 15,5 cm. (016°26´55" v.d.--016°27´57" v.d./051°16´50" s.š.--051°16´23" s.š.) --
|t Herrn Stadt.
|g 12,5 x 15,5 cm. (016°41´12" v.d.--016°42´06" v.d./051°34´04" s.š.--051°33´47" s.š.) --
|t Prospect der Stadt Rützen im Wohlauischen Fürstenth. in Schlesien gelegen ... .
|g 16 x 27,5 cm. (016°30´08" v.d.--016°31´01" v.d./051°37´17" s.š.--051°36´57" s.š.) --
|t Rauden.
|g 12,5 x 15,5 cm. (016°15´00" v.d.--016°17´00" v.d./051°32´00" s.š.--051°30´00" s.š.) --
|t Steinau.
|g 12,5 x 15,5 cm. (016°25´08" v.d.--016°26´34" v.d./051°25´08" s.š.--051°24´26" s.š.) --
|t Wohlau.
|g 16 x 27 cm. (016°37´00" v.d.--016°39´48" v.d./051°21´06" s.š.--051°19´38" s.š.)
|
| 510 |
3 |
|
|a IKAR
|
| 510 |
4 |
|
|a Kuchař, K. Mapová sbírka B.P. Molla,
|c s. 243
|
| 546 |
|
|
|a Název latinsky a německy
|
| 590 |
|
|
|a Okraje mapy potrhané a zašpiněné
|
| 655 |
|
7 |
|a grafické listy
|7 fd132404
|2 czenas
|
| 655 |
|
7 |
|a veduty
|7 fd133805
|2 czenas
|
| 650 |
0 |
7 |
|a historické budovy
|7 ph120726
|2 czenas
|
| 650 |
0 |
4 |
|a Mollova mapová sbírka
|
| 650 |
0 |
7 |
|a mapové sbírky
|z Česko
|7 ph182407
|2 czenas
|
| 610 |
2 |
7 |
|a Moravská zemská knihovna (Brno, Česko).
|b Mapová sbírka B.P. Molla
|7 mzk2005304487
|2 czenas
|
| 651 |
|
7 |
|a Wólow (Polsko)
|7 ge633600
|2 czenas
|
| 651 |
|
7 |
|a Ryczeń (Polsko)
|7 ge758512
|2 czenas
|
| 651 |
|
7 |
|a Ścinawa (Polsko)
|7 ge749212
|2 czenas
|
| 651 |
|
7 |
|a Lubiąż (Polsko)
|7 ge577689
|2 czenas
|
| 651 |
|
7 |
|a Rudy (Slezské vojvodství, Polsko)
|7 ge139359
|2 czenas
|
| 651 |
|
7 |
|a Wąsosz (Dolnoslezské vojvodství, Polsko)
|7 ge758199
|2 czenas
|
| 651 |
|
7 |
|a Strzelce Opolskie (Polsko)
|7 ge654812
|2 czenas
|
| 856 |
4 |
1 |
|u http://mapy.mzk.cz/mzk03/001/029/683/2619321445
|y Digitalizovaný dokument
|
| 903 |
|
|
|a RP
|
| 910 |
|
|
|a BOA001
|b Moll-0001.882,03
|
| 978 |
|
|
|b Homann, Johann Baptista - dědici
|a Nürnberg
|c 1737
|
| 984 |
|
|
|a Norimberk
|b Německo
|
| 985 |
|
|
|a 1701-1750
|
| 990 |
|
|
|a GP
|
| 991 |
|
|
|k mzk
|